All World Heavyweight Championship Matches at WrestleMania - Statistics

General Stats
  • This quiz has been taken 515 times
  • The average score is 22 of 25
Answer Stats
Hint Answer % Correct
19 Triple H
97%
20 Triple H
97%
21 Triple H
97%
25 John Cena
96%
24 Edge
95%
25 Edge
95%
26 Edge
95%
27 Edge
95%
23 Undertaker
95%
24 Undertaker
95%
21 Batista
92%
23 Batista
92%
20 Shawn Michaels
92%
22 Randy Orton
91%
25 Big Show
87%
28 Daniel Bryan
86%
27 Alberto Del Rio
85%
29 Alberto Del Rio
85%
20 Chris Benoit
85%
22 Rey Mysterio
85%
28 Sheamus
85%
22 Kurt Angle
84%
26 Chris Jericho
81%
19 Booker T
74%
29 Jack Swagger
72%
No matching quizzes found
Score Distribution
Percent of People with Each Score
Percentile by Number Answered
Your Score History
You have not taken this quiz